| 000 | 00636nam a2200205Ia 4500 | ||
|---|---|---|---|
| 003 | IN-BaIIA | ||
| 008 | 211028s9999 xx 000 0 eng d | ||
| 020 | _a0-226-97956-3 | ||
| 040 | _cIIA Library | ||
| 080 |
_a524.834 _bZEL-1 |
||
| 100 |
_aZeldovich, Ya. B. _96800 |
||
| 245 | 0 |
_aRelativistic astrophysics _bvol. 1, stars and relativity _cYa. B. Zeldovich and I.D. Novikov. |
|
| 260 |
_aChicago _bUniversity of Chicago Press _c1971 |
||
| 300 | _axviii, 522p. | ||
| 650 | _aAstronomy and astrophysics thesaurus | ||
| 650 |
_aRelativistic astrophysics _96801 |
||
| 650 | _aRelativity | ||
| 700 |
_aNovikov, I. D. _96803 |
||
| 942 | _cBK | ||
| 999 |
_c6280 _d6280 |
||